| 000 | 00478nam a2200205Ia 4500 | ||
|---|---|---|---|
| 008 | 170918s9999 xx 000 0 und d | ||
| 020 | _a9780545341776 | ||
| 050 | _bA546 2011 | ||
| 100 | _aAnderson, Derek | ||
| 245 | _aStory country : | ||
| 245 | _bhere we come/ | ||
| 245 | _cby Derek Anderson. | ||
| 260 | _aNew York : | ||
| 260 | _bScholastic, | ||
| 260 | _c2011 | ||
| 300 | _aunpaged : | ||
| 300 | _bcolored illustration ; | ||
| 300 | _c25cm. | ||
| 500 | _a190 | ||
| 999 |
_c342785 _d342785 |
||